Online
Catalog

Agrupación de fuerzas vivas Dominicanas. (Record no. 31120)

MARC details
000 -CABECERA
campo de control de longitud fija 01047nam a2200217 a 4500
001 - NÚMERO DE CONTROL
campo de control 000031628
003 - IDENTIFICADOR DEL NÚMERO DE CONTROL
campo de control OSt
005 - FECHA Y HORA DE LA ÚLTIMA TRANSACCIÓN
campo de control 20201006141906.0
008 - DATOS DE LONGITUD FIJA--INFORMACIÓN GENERAL
campo de control de longitud fija 110628s1963 dr 000 0 spa d
040 ## - FUENTE DE LA CATALOGACIÓN
Centro catalogador/agencia de origen DO-SdBNP
Lengua de catalogación spa
Centro/agencia transcriptor BNPHU
082 #4 - NÚMERO DE LA CLASIFICACIÓN DECIMAL DEWEY
Número de clasificación 320.532
Número de documento/Ítem R426a
110 1# - ENTRADA PRINCIPAL--NOMBRE DE ENTIDAD CORPORATIVA
Nombre de entidad corporativa o nombre de jurisdicción como elemento de entrada República Dominicana.
9 (RLIN) 447
Unidad subordinada Agrupación de Fuerzas Vivas Dominicanas.
-- Comité Ejecutivo Nacional.
245 00 - MENCIÓN DE TÍTULO
Título Agrupación de fuerzas vivas Dominicanas.
260 ## - PUBLICACIÓN, DISTRIBUCIÓN, ETC.
Lugar de publicación, distribución, etc. Santo Domingo :
Nombre del editor, distribuidor, etc. [s. n.],
Fecha de publicación, distribución, etc. 1963.
300 ## - DESCRIPCIÓN FÍSICA
Extensión 52 p. ;
Dimensiones 22 cm.
500 ## - NOTA GENERAL
Nota general Cotiene una hoja plegable
505 ## - NOTA DE CONTENIDO CON FORMATO
Nota de contenido con formato Cómo se esta produciendo la penetración comunista en nuestro país --
Título La lucha contra la penetración comunista --
-- Una organización idónea para luchar contra El Comunismo --
-- Actución de los comunistas en los medios estudiantiles --
-- Infiltración comunista en las Fuerzas Armadas --
-- Los comunistas terminan con las riquezas de un país cuando toman el poder.
590 ## - NOTA LOCAL (RLIN)
Nota local Inventariado, 2019/VM
650 ## - PUNTO DE ACCESO ADICIONAL DE MATERIA--TÉRMINO DE MATERIA
Término de materia o nombre geográfico como elemento de entrada Comunismo
Subdivisión geográfica República Dominicana
9 (RLIN) 44646
942 ## - ELEMENTOS DE PUNTO DE ACCESO ADICIONAL (KOHA)
Fuente del sistema de clasificación o colocación Dewey Decimal Classification
Tipo de ítem Koha Libros y folletos
Holdings
Estado de retiro Estado de pérdida Restricciones de uso No para préstamo Código de colección Localización permanente Ubicación/localización actual Ubicación en estantería Fecha de adquisición Número de inventario Total de préstamos Signatura topográfica completa Código de barras Fecha visto por última vez Número de copia Precio válido a partir de Tipo de ítem Koha Fuente del sistema de clasificación o colocación
        Dominicana de Servicio General General Depósito 16.02.2012 LF1   31628-30 25.06.2020 e. 3 25.06.2020 Libro y Folleto Colección Dominicana de Servicio  
      Excluido de préstamo Patrimonio Dominicano Patrimonio Dominicano Patrimonio Dominicano   28.06.2011 LF1   320.532 R426a 31628-10 25.06.2020   25.06.2020 Libro y Folleto Colección Patrimonio Dominicano Dewey Decimal Classification
      Excluido de préstamo Patrimonio Dominicano Patrimonio Dominicano Patrimonio Dominicano   28.06.2011 LF1   320.532 R426a 31628-20 25.06.2020 e. 2 25.06.2020 Libro y Folleto Colección Patrimonio Dominicano Dewey Decimal Classification

Powered by Koha